| 000 | 00654nam a22001697a 4500 | ||
|---|---|---|---|
| 999 |
_c14875 _d14875 |
||
| 008 | 200129b ||||| |||| 00| 0 eng d | ||
| 082 |
_22014 _a1440 _bN32 |
||
| 100 |
_aNelmida, Zeus Alexis C. _941295 |
||
| 245 |
_aProject OESTS: _bOnline Evaluation System for Teachers by Student/ _cZeus Alexis C. Nelmida, Jofrey T. Juarez & Stephen H. Florentino |
||
| 260 |
_aDigos City _bUMDC _cMarch 2014 |
||
| 300 |
_a55 pages _c30 cm |
||
| 650 |
_aInformation Technology Education _vIT _xUndergraduate Thesis _941296 |
||
| 700 |
_aNelmida,Zeus Alexis C. _941297 |
||
| 700 |
_a Juarez,Jofrey T. _941298 |
||
| 700 |
_aFlorentino,Stephen H. _941299 |
||
| 942 |
_2ddc _cUT |
||